Elogio del Dr. Mario García Kohly (Record no. 56489)

MARC details
000 -LEADER
campo de control de longitud fija 00729nam a2200193 i 4500
001 - NÚMERO DE CONTROL
campo de control 56489
003 - IDENTIFICADOR DE NÚMERO DE CONTROL
campo de control ES-MaACL
005 - FECHA Y HORA DE LA ÚLTIMA TRANSACCIÓN
campo de control 20240215211646.0
007 - CAMPO FIJO DE DESCRIPCIÓN FÍSICA--INFORMACIÓN GENERAL
campo de control de longitud fija t|
008 - DATOS DE LONGITUD FIJA--INFORMACIÓN GENERAL
campo de control de longitud fija 031009s1937 cu ||||1| spa d
100 1# - ENTRADA PRINCIPAL--NOMBRE DE PERSONA
Nombre de persona Dihigo y Mestre, Juan Miguel.
9 (RLIN) 44805
245 10 - MENCIÓN DEL TÍTULO
Título Elogio del Dr. Mario García Kohly
Resto del título : (fundador de esta corporación) : leído en la sesión celebrada el día 8 de febrero de 1937 /
Mención de responsabilidad, etc. por Juan Miguel Dihigo y Mestre.
260 ## - PUBLICACIÓN, DISTRIBUCIÓN, ETC.
Lugar de publicación, distribución, etc. Habana :
Nombre del editor, distribuidor, etc. [Academia de la Historia de Cuba,
Fecha de publicación, distribución, etc. 1937] (
Fabricante Imp. El Siglo XX)
300 ## - DESCRIPCIÓN FÍSICA
Extensión 149 p. ;
Dimensiones 25 cm.
600 14 - PUNTO DE ACCESO ADICIONAL DE MATERIA--NOMBRE DE PERSONA
Nombre de persona García Kohly, Mario,
Fechas asociadas al nombre 1871-1935
9 (RLIN) 54804
710 2# - ENTRADA AGREGADA--NOMBRE DE ENTIDAD CORPORATIVA
Nombre de entidad corporativa o nombre de jurisdicción como elemento de entrada Academia de la Historia de Cuba.
9 (RLIN) 1183
852 ## - LOCALIZACIÓN
Ubicación ES-MaACL
Número de control de estantería A-4800
Holdings
Estatus retirado Estado de pérdida Estado de daño No para préstamo Biblioteca de origen Biblioteca actual Ubicación en estantería Fecha de adquisición Fuente de adquisición Total de préstamos Signatura topográfica completa Código de barras Visto por última vez Precio de reemplazo Tipo de ítem Koha
        Biblioteca del Ateneo de Madrid Biblioteca del Ateneo de Madrid Sala Pecera Planta 1 17/01/2008     A-4800 1059327 23/02/2023 23/02/2023 Libro impreso